Funkciji frazeologičeskich jedinic v russkoj reči

Bibliographic Details
Main Author: Antoňáková, Darina, 1957- (Author)
Format: Article
Language:Russian
ISBN:8089038212
Subjects:

MARC

LEADER 00000nab a2200000 a 4500
001 vtls010030867
003 SK-MaSNL
005 20260303190741.0
008 091211c2003 xo r m 000 00rus
015 |a SNBRA2009/12SVKPO 
038 |a SVKPO 
040 |a SVKPOCL  |c slo  |e AACR2 
041 0 |a rus 
044 |a xo  |c SK 
080 |a 811.161.1:81'373.7  |2 2001 
080 |a 81'27  |2 2001 
080 |a 811.161.1'373.7  |2 2001 
080 |a 81'373.7:811.161.1  |2 2001 
080 |a 316.772.2  |2 2001 
100 1 |a Antoňáková, Darina,  |d 1957-  |4 aut  |9 367748 
245 1 0 |a Funkciji frazeologičeskich jedinic v russkoj reči  |c Darina Antoňáková 
504 |a Bibliogr. odkazy 
546 |a Res. angl. 
650 0 7 |a ruština  |2 svkpocl  |9 1346 
650 0 7 |a frazeológia  |2 svkpocl  |9 1507 
650 0 7 |a jazyková komunikácia  |2 svkpocl  |9 990 
773 0 |t Komunikácia a text : zborník materiálov z vedeckej konferencie s medzinárodnou účasťou organizovanej pri príležitosti životného jubilea doc. PhDr. Františka Ruščáka, CSc, v dňoch 15.-16. novembra 2001 v Prešove / ed. Zuzana Stanislavová  |d Prešov : Náuka, 2003  |g S. 239-243  |z 8089038212 
852 |a SVKPO  |b KIS3GCP 
958 |a SK 
958 |a NB 
999 |c 2137828  |d 2139758